| 000 | 00989 a2200169 4500 | ||
|---|---|---|---|
| 003 | Nust | ||
| 005 | 20221124165930.0 | ||
| 040 | _cNust | ||
| 082 | _a621.38152,ALL | ||
| 100 |
_aCharles L. Alley _9103533 |
||
| 245 |
_aSemiconductor devices and circuits / _cCharles L. Alley |
||
| 260 |
_aLondon _bJohn Wiley and sons _c1971. |
||
| 300 | _a490p | ||
| 505 | _aIntroductions (Page-1), Semiconductors (Page-10), Junction Diodes (Page-28), Junction Transistors (Page-66), Common –Emitter Amplifiers (Page-90), Devices with High Input Impedance (Page-120), Recouped amplifiers (Page-149), Transformers Coupled Amplifiers (Page-191), Small Signal Tuned Amplifiers (Page-207), Direct Coupled Amplifiers (Page-243), Multistage Amplifiers (Page-256), Negative Feedback (Page-286), Integrated Circuits (Page-351), Power Supplies (Page-384), Pulse and Digital Circuits (Page-420), Semiconductors Devices Characteristics (Page-471). | ||
| 650 | _aTelecommunication Engineering | ||
| 942 |
_2ddc _cBK |
||
| 999 |
_c182208 _d182208 |
||